000 00393nam a2200157Ia 4500
008 230711s9999||||xx |||||||||||||| ||und||
041 _aENG
082 _a720
_bMO-U
100 _aCliff Moughtin 
245 0 _aUrban design : Street and square
250 _a1st Ed.
260 _c1992
_aNew York
_bButterworth Architecture Publisher
300 _a211
650 _aArchitecture
942 _cBK
999 _c2201
_d2201